000 00300nam a22001337a 4500
008 171018b xxu||||| |||| 00| 0 eng d
020 _a9781412940290
041 _aeng
080 _a338
100 _a53
101 _aMEN
245 _aCASES IN ALLIANCE MANAGMENT
_cKELLY.M.J
942 _2udc
_cBK
999 _c34562
_d34562